000 00287nam a22001217a 4500
008 170522b xxu||||| |||| 00| 0 eng d
041 _aeng
080 _a94(7/8)
100 _a16
101 _aSHH
245 _aTHE FINANCIAL HISTORY OF THE UNITED STATES
_cBOLLES, A.S
942 _2udc
_cBK
999 _c13680
_d13680